000 00263nam a2200097Ia 4500
008 220204s9999 xx 000 0 und d
082 _a354
_bALL
245 0 _aAll India Civil list, Oct 1955 and January 1959
260 _aNew Delhi
_bGovt of India
_c1955
942 _cBK
999 _c19807
_d19807